• 首页
  • 本馆介绍
  • 公告通知
  • 最新文献
  • 馆藏检索
  • 电子资源
  • 读者荐购
  • 参考咨询
  • CALIS
  • 我的图书馆
  • 登录
  • 详细信息显示
  • 放入我的书架
  • 预约/预借图书
  • 作者相关作品
  • 分类相关作品
  • 丛书相关作品
  • 出版社相关作品

书目信息

  • 表格格式
  • 工作单格式
  • 卡片格式
题名:
中国俗文学在法国的庋藏与接受研究
    
 
作者: 黄仕忠 编
分册:  
出版信息: 上海   上海古籍出版社  2025.01
页数: 311页
开本: 24cm
丛书名: 汉籍合璧
单 册:
中图分类: I206.09
科图分类:
主题词: 中国文学--通俗文学--文学批评史--研究--法国
电子资源:
ISBN: 978-7-5732-1458-4
 
 
 
 
 
000 01128oam2 2200253 450
001 01072604
005 20251022104826.96
010    @a978-7-5732-1458-4@dCNY98.00
100    @a20250326d2025 em y0chiy0120 ea
101 0  @achi
102    @aCN@b310000
105    @aak z 000zy
106    @ar
200 1  @a中国俗文学在法国的庋藏与接受研究@9zhong guo su wen xue zai fa guo de gui cang yu jie shou yan jiu@f黄仕忠编
210    @a上海@c上海古籍出版社@d2025.01
215    @a311页@c图@d24cm
225 2  @a汉籍合璧
330    @a全球汉籍合璧工程是一项国家重点文化工程,其中研究编的工作主旨是在文、史、哲、外国语等多学科融合的视域中,综合性地探究海外汉籍接受历程与海外汉学发展的特征、规律。本书收录的文章集中研究中国俗文学文献在法国的庋藏与接受情况,包括“关汉卿《窦娥冤》杂剧的经典化历程”“改“冤屈”为“怨恨”:《窦娥冤》初译本考异”“从词汇之译到视角之异等文章,展现了中法文化交流的前沿学术成果。
461  0 @12001 @a汉籍合璧
606 0  @a中国文学@x通俗文学@x文学批评史@x研究@y法国
690    @aI206.09@v5
701  0 @a黄仕忠@9huang shi zhong@4编
801  0 @aCN@c20250910
905    @a河南城建学院图书馆@dI206.09@eH889@ZH889@f1
    
    中国俗文学在法国的庋藏与接受研究/黄仕忠编.-上海:上海古籍出版社,2025.01
    311页:图;24cm.-(汉籍合璧)
    
    
    ISBN 978-7-5732-1458-4:CNY98.00
    全球汉籍合璧工程是一项国家重点文化工程,其中研究编的工作主旨是在文、史、哲、外国语等多学科融合的视域中,综合性地探究海外汉籍接受历程与海外汉学发展的特征、规律。本书收录的文章集中研究中国俗文学文献在法国的庋藏与接受情况,包括“关汉卿《窦娥冤》杂剧的经典化历程”“改“冤屈”为“怨恨”:《窦娥冤》初译本考异”“从词汇之译到视角之异等文章,展现了中法文化交流的前沿学术成果。
●
相关链接 在E读中查询图书 在当当中查询图书 在豆瓣中查询图书


正题名:中国俗文学在法国的庋藏与接受研究     索取号:I206.09/H889         预约/预借

序号 登录号 条形码 馆藏地/架位号 状态 备注
1 1635355   216353559   文学库108/108文学库 5排2列2层/ [索取号:I206.09/H889] 在馆    
河南城建学院图书馆 欢迎您!
大连网信软件有限公司© 版权所有